000 00255nam a22001217a 4500
008 170227b xxu||||| |||| 00| 0 eng d
041 _aeng
080 _28TH
_a577
100 _a5
101 _aSHMD
245 _aBIOCHEMISTRY
_cORTEN, J.M
942 _2udc
_cBK
999 _c6320
_d6320